Statistics for Countries That Border Three Countries

Click here to take the quiz!

General Stats

  • This quiz has been taken 56 times
  • The average score is 15 of 28

Answer Stats

3-border-Country% Correct
Chile
77%
Finland
75%
Mexico
75%
Guyana
73%
Paraguay
73%
Vietnam
73%
Cambodia
70%
Suriname
70%
Malaysia
64%
Norway
64%
Venezuela
64%
Honduras
59%
Indonesia
59%
Oman
59%
Luxembourg
57%
North Korea
57%
Togo
45%
United Arab Emirates
45%
Liberia
43%
Ghana
39%
Burundi
36%
Gabon
34%
Malawi
34%
Somalia
30%
Bosnia and Herzegovina
27%
Djibouti
25%
Mauritania
20%
Palestine
7%

Score Distribution

Percentile by Number Answered

Percent of People with Each Score

Your Score History

You have not taken this quiz